It looks like you're offline.
Open Library logo
additional options menu

MARC record from Internet Archive

LEADER: 01032cam a2200325 a 4500
001 82022878
003 DLC
005 20060615141949.0
008 821201s1982 nyu b 000 0 eng
010 $a 82022878
020 $a087488182X
040 $aDLC$cDLC$dDLC
050 10 $aRC564$b.G4 1982
060 $aQV 601 G433e
082 00 $a615.9$219
100 1 $aGiannini, A. James,$d1947-
245 10 $aHandbook of overdose and detoxification emergencies /$cA. James Giannini, Andrew E. Slaby in collaboration with Matthew C. Giannini.
260 $aNew Hyde Park, N.Y. :$bMedical Examination Pub. Co.,$cc1982.
300 $axi, 170 p. ;$c22 cm.
440 0 $aEmergency handbook series
504 $aIncludes bibliographies.
650 0 $aDrug abuse$xTreatment.
650 0 $aAntidotes.
650 0 $aSuicide$xPrevention.
650 0 $aPsychiatric emergencies.
650 0 $aDrugs$xOverdose.
650 2 $aPoisoning$xTherapy.
650 2 $aSubstance abuse.
700 1 $aSlaby, Andrew Edmund.
700 1 $aGiannini, Matthew C.